[Event "IECG TE.2006.P.02219 email"]
[Site "IECG email"]
[Date "2006.06.19"]
[Round "2"]
[White "Ferrari, Cristiano"]
[Black "Latino, Aldo"]
[Result "0-1"]
[WhiteElo "1539"]
[BlackElo "1117"]
[PlyCount "28"]
[EventDate "2006.06.19"]
[EventType "tourn (corr)"]
[EventRounds "12"]
[SourceTitle "Corr 2024"]
[Source "ChessBase"]
[SourceDate "2023.10.19"]
[SourceVersion "1"]
[SourceVersionDate "2023.10.19"]
[SourceQuality "1"]

1. d4 f5 2. e4 fxe4 3. Nc3 Nf6 4. Bg5 Nc6 5. d5 Ne5 6. Qd4 d6 7. Nxe4 c6 8. f4 Neg4 9. dxc6 Nxe4 10. Qxe4 Qb6 11. Nh3 Qxb2 12. Kd2 Qb6 13. cxb7 Bxb7 14. Qe6 Nf6 0-1

[Event "IECG TE.2006.P.02219 email"]
[Site "IECG email"]
[Date "2006.06.19"]
[Round "1"]
[White "Latino, Aldo"]
[Black "Capoccia, Angelo Antonio"]
[Result "1-0"]
[WhiteElo "1117"]
[BlackElo "1987"]
[PlyCount "99"]
[EventDate "2006.06.19"]
[EventType "tourn (corr)"]
[EventRounds "12"]
[SourceTitle "Corr 2024"]
[Source "ChessBase"]
[SourceDate "2023.10.19"]
[SourceVersion "1"]
[SourceVersionDate "2023.10.19"]
[SourceQuality "1"]

1. d4 f5 2. e4 fxe4 3. Nc3 Nf6 4. Bg5 g6 5. Bc4 c6 6. Nge2 d5 7. Bb3 Bg7 8. 0-0 0-0 9. Qd2 Nbd7 10. Nf4 Nb6 11. Bxf6 exf6 12. Nxe4 Rf7 13. Nc5 Bh6 14. Rfe1 Bd7 15. g3 Bg4 16. Kg2 Qd6 17. f3 Bf5 18. Re2 Bg5 19. Rae1 h6 20. Ncd3 a5 21. a3 a4 22. Ba2 Nc4 23. Qc3 b5 24. Nh3 Bd2 25. Rxd2 Nxd2 26. Qxd2 Re7 27. Rxe7 Qxe7 28. Nhf4 Kg7 29. Nb4 Bd7 30. c3 Re8 31. Bb1 g5 32. Nh5+ Kf7 33. Kf2 Qe6 34. g4 Qd6 35. Kg2 Ke7 36. Bg6 Rf8 37. Ng3 Rg8 38. Bf5 Re8 39. Nd3 Qc7 40. Nc5 Bxf5 41. Nxf5+ Kf8 42. h4 Qh7 43. Kh3 Qc7 44. h5 Kg8 45. Nxh6+ Kh8 46. Nf5 Qb8 47. Nd3 Re6 48. h6 Qe8 49. Qh2 Re3 50. Ne5 1-0

[Event "IECG TE.2006.P.02219 email"]
[Site "IECG email"]
[Date "2006.06.19"]
[Round "1"]
[White "Latino, Aldo"]
[Black "Van Esbroeck, Jeff"]
[Result "1-0"]
[WhiteElo "1117"]
[BlackElo "1759"]
[PlyCount "63"]
[EventDate "2006.06.19"]
[EventType "tourn (corr)"]
[EventRounds "12"]
[SourceTitle "Corr 2024"]
[Source "ChessBase"]
[SourceDate "2023.10.19"]
[SourceVersion "1"]
[SourceVersionDate "2023.10.19"]
[SourceQuality "1"]

1. d4 f5 2. e4 fxe4 3. Nc3 Nf6 4. Bg5 c6 5. f3 Qa5 6. Bd2 e3 7. Bxe3 e5 8. Qd2 Bb4 9. Nge2 0-0 10. 0-0-0 exd4 11. Bxd4 d5 12. Nf4 Bxc3 13. Qxc3 Qxa2 14. Bd3 Qa4 15. Kb1 Na6 16. Bxf6 gxf6 17. Nh5 Qh4 18. g4 Bd7 19. Qd4 Be8 20. Qe3 Qg5 21. Qe7 Rf7 22. Qa3 Bd7 23. Rhe1 Qh6 24. Qd6 Qf8 25. Qf4 Nc5 26. g5 Ne6 27. Rxe6 Bxe6 28. Nxf6+ Kh8 29. Qe5 Rxf6 30. gxf6 Qf7 31. Rg1 Rg8 32. Rxg8+ 1-0

[Event "IECG TE.2006.P.02219 email"]
[Site "IECG email"]
[Date "2006.06.19"]
[Round "2"]
[White "Van Esbroeck, Jeff"]
[Black "Latino, Aldo"]
[Result "0-1"]
[WhiteElo "1759"]
[BlackElo "1117"]
[PlyCount "102"]
[EventDate "2006.06.19"]
[EventType "tourn (corr)"]
[EventRounds "12"]
[SourceTitle "Corr 2024"]
[Source "ChessBase"]
[SourceDate "2023.10.19"]
[SourceVersion "1"]
[SourceVersionDate "2023.10.19"]
[SourceQuality "1"]

1. d4 f5 2. e4 fxe4 3. Nc3 Nf6 4. Bg5 Nc6 5. d5 Ne5 6. Qd4 Nf7 7. Be3 Nd6 8. Qd2 b6 9. 0-0-0 Bb7 10. h4 c6 11. dxc6 Bxc6 12. f3 e5 13. f4 exf4 14. Bxf4 Nf5 15. Bc4 Bb4 16. a3 e3 17. Qd3 Bxc3 18. Qxc3 Bxg2 19. Rh2 Be4 20. Ne2 Rc8 21. Ng3 Nxg3 22. Bxg3 b5 23. Qe5+ Qe7 24. Bxb5 Qxe5 25. Bxe5 0-0 26. Bd4 Ng4 27. Rg1 Rf4 28. Bxd7 Nxh2 29. Bxc8 e2 30. Be6+ Kf8 31. Bc4 Nf3 32. Bc5+ Ke8 33. Bb5+ Kf7 34. Bc4+ Kf6 35. Bxe2 Nxg1 36. Bxg1 Rxh4 37. Bxa7 Rh2 38. Bd4+ Kf5 39. Bd1 h5 40. Bxg7 h4 41. Bf8 Ke5 42. Bg7+ Kd5 43. Bh6 h3 44. Bf4 Rf2 45. Bc7 h2 46. Bxh2 Rxh2 47. a4 Kd4 48. a5 Ke3 49. a6 Rh1 50. b4 Bf3 51. c4 Kd4 0-1

[Event "IECG TE.2005.P.02019"]
[Site "IECG email"]
[Date "2005.12.19"]
[Round "2.1"]
[White "Latino, Aldo"]
[Black "Hlavacek, Ladislav"]
[Result "1-0"]
[WhiteElo "800"]
[BlackElo "1824"]
[PlyCount "85"]
[EventDate "2005.12.19"]
[EventType "tourn (corr)"]
[EventRounds "8"]
[SourceTitle "Corr 2008"]
[Source "ChessBase"]
[SourceDate "2008.06.24"]
[SourceVersion "1"]
[SourceVersionDate "2008.06.24"]
[SourceQuality "1"]

1. e4 e5 2. Nf3 Nc6 3. c3 Nf6 4. d4 Nxe4 5. d5 Ne7 6. Nxe5 Ng6 7. Qf3 Nf6 8. Nxg6 hxg6 9. Bc4 Qe7+ 10. Be3 Qe5 11. Nd2 d6 12. h3 Bg4 13. Qg3 0-0-0 14. 0-0 Qh5 15. Rfe1 Kb8 16. Ne4 Nxe4 17. Qxg4 Qxg4 18. hxg4 Nc5 19. Rad1 Nd7 20. g5 a6 21. Bb3 f6 22. Bc2 Ne5 23. f4 Ng4 24. gxf6 gxf6 25. Bxg6 Nxe3 26. Rxe3 Bh6 27. Re4 Rdg8 28. f5 Bg5 29. Rdd4 Rh6 30. Kf2 Rh1 31. Kg3 Rb1 32. Re2 Rh8 33. Rg4 Rd1 34. Rxg5 fxg5 35. f6 Rf1 36. f7 Rh6 37. Rf2 Rxf2 38. Kxf2 Rh8 39. Bh7 Rf8 40. Bg8 Kc8 41. Kg3 Kd7 42. Kg4 Ke7 43. Kxg5 1-0

[Event "IECG CN.2005.0.00403 email"]
[Site "IECG email"]
[Date "2005.08.28"]
[Round "?"]
[White "Latino, Aldo"]
[Black "Blazik, Alvin"]
[Result "1-0"]
[WhiteElo "800"]
[BlackElo "478"]
[PlyCount "63"]
[EventDate "2005.08.28"]
[EventType "tourn (corr)"]
[EventRounds "6"]
[SourceTitle "Corr 2008"]
[Source "ChessBase"]
[SourceDate "2008.06.24"]
[SourceVersion "1"]
[SourceVersionDate "2008.06.24"]
[SourceQuality "1"]

1. e4 d5 2. exd5 Qxd5 3. Nc3 Qa5 4. d4 Nf6 5. Bd3 c5 6. Nge2 Nc6 7. dxc5 e5 8. 0-0 Bxc5 9. Bg5 Be7 10. Ng3 0-0 11. Bxf6 Bxf6 12. Nd5 Qxd5 13. Bxh7+ Kxh7 14. Qxd5 Be6 15. Qe4+ Kg8 16. Rad1 Bxa2 17. b3 Rfd8 18. Qa4 Rd4 19. Qxa2 Rad8 20. Qb1 a6 21. Rxd4 exd4 22. Re1 Be5 23. Qd1 f5 24. Nxf5 Kf7 25. Qh5+ g6 26. Qh7+ Kf6 27. Nh6 b5 28. Ng4+ Kg5 29. h4+ Kf5 30. Qf7+ Bf6 31. Qxf6+ Kxg4 32. Qg5# 1-0

[Event "IECG CN.2005.0.00403 email"]
[Site "IECG email"]
[Date "2005.08.28"]
[Round "?"]
[White "Latino, Aldo"]
[Black "Galli, Paolo"]
[Result "1/2-1/2"]
[WhiteElo "800"]
[BlackElo "800"]
[PlyCount "53"]
[EventDate "2005.08.28"]
[EventType "tourn (corr)"]
[EventRounds "6"]
[SourceTitle "Corr 2008"]
[Source "ChessBase"]
[SourceDate "2008.06.24"]
[SourceVersion "1"]
[SourceVersionDate "2008.06.24"]
[SourceQuality "1"]

1. e4 e5 2. Nf3 Nf6 3. Nxe5 d6 4. Nf3 Nxe4 5. d4 d5 6. Bd3 Nc6 7. 0-0 Be7 8. Re1 Bf5 9. Nbd2 Nxd2 10. Qxd2 Bxd3 11. Qxd3 0-0 12. Qf5 Bf6 13. c3 Ne7 14. Qg4 Ng6 15. Bg5 Bxg5 16. Nxg5 Qd6 17. Qf5 h6 18. Nf3 Rae8 19. a4 c6 20. Rad1 Re6 21. Rxe6 Qxe6 22. Qxe6 fxe6 23. Re1 Kf7 24. g3 Ke7 25. Nd2 a5 26. f4 Kd6 27. Kf2 1/2-1/2